000 02919nam0a2200349 4500
001 RU\NLR\BIBL_A\011467530
005 20250626072638.0
020 _aRU
_b6751
_9Сводный каталог листовок первых лет Советской власти (25 октября (7 ноября) 1917 - 1925) Т.4 (Ч.1). Листовки советских, партийных, профсоюзных, комсомольских и других организаций губерний РСФСР
035 _a(NLR Aleph) 011467530
090 _a11837045
_c11837045
100 _a20170907d1919 |||y0rusy50 ca
101 0 _arus
102 _aRU
105 _ay z 000zy
200 1 _aОбращение. "Товарищи рабочие, крестьяне и граждане, к Вам рабоче-крестьянское правительство обращается с призывом о пожертвовании лишних шинелей, теплых вещей..."
_aГраждане, рабочие и крестьяне. "Пожертвованные теплые вещи приносить в подарочную комиссию..."
_e[листовка
_fВладимирский уезд. комиссариат по военным делам]
210 _aВладимир
_cГос. тип. № 2
_d[1919]
215 _a1 с.
_d39х21
300 _aПодписи: под 1-м док. - Владимирский уездный военный комиссар Щукин, заведующий Полит. просвет отделением Ян. Завадский; под 2-м док.: - Комиссия
517 1 _aТоварищи рабочие, крестьяне и граждане, к Вам рабоче-крестьянское правительство обращается с призывом о пожертвовании лишних шинелей, теплых вещей...
517 1 _aПожертвованные теплые вещи приносить в подарочную комиссию...
607 _aРСФСР
_jЛистовки
_xПолитика и управление
_y1917 - 1925
_92312782
_3RU\NLR\auth\6601609564
686 0 _aТ3(2)71-313,011
686 1 _aЦ35(2)712,011
702 1 _4720
_7ca
_8rus
_aЩукин
_cучастник установления советской власти, г. Владимир
_9181502
_3RU\NLR\AUTH\770181553
702 1 _aЗавадский
_bЯ.
_cучастник установления советской власти, г. Владимир
_gЯн.
_4720
711 0 2 _aВладимирский уездный комиссариат по военным делам
_9575114
_3RU\NLR\AUTH\880455900
852 0 0 _aNLR
_bФЛ
_j18/76
942 _cBOOK
980 _aNB